Catálogo
 En Linea

Miradas desencadenantes : (Registro nro. 53483)

Detalles MARC
000 -CABECERA
campo de control de longitud fija 02742nam a2200349 i 4500
001 - NÚMERO DE CONTROL
campo de control 000002710
003 - IDENTIFICADOR DEL NÚMERO DE CONTROL
campo de control DO-SdBNP
005 - FECHA Y HORA DE LA ÚLTIMA TRANSACCIÓN
campo de control 20260217115014.0
007 - CAMPO FIJO DE DESCRIPCIÓN FÍSICA--INFORMACIÓN GENERAL
campo de control de longitud fija ta
008 - DATOS DE LONGITUD FIJA--INFORMACIÓN GENERAL
campo de control de longitud fija 090703s2022 dr a 000 0 spa d
020 ## - NÚMERO INTERNACIONAL ESTÁNDAR DEL LIBRO
Número Internacional Estándar del Libro 9789945511055
040 ## - FUENTE DE LA CATALOGACIÓN
Centro catalogador/agencia de origen DO-SdBNP
Lengua de catalogación spa
Centro/agencia transcriptor BNPHU
Normas de descripción rda
041 ## - CÓDIGO DE LENGUA
Código de lengua del texto/banda sonora o título independiente spa
082 #4 - NÚMERO DE LA CLASIFICACIÓN DECIMAL DEWEY
Número de clasificación 305.42
Número de documento/Ítem M671d 2021
Número de edición 22
111 1# - ENTRADA PRINCIPAL--NOMBRE DE CONGRESO/REUNIÓN
Nombre de congreso/reunión o jurisdicción como elemento de entrada Conferencia de Estudios de Género
Número del congreso/reunión o número de parte o sección (11a. :
Fecha del congreso/reunión 2021 :
Sede del congreso/Lugar de la reunión Santo Domingo, República Dominicana )
9 (RLIN) 83037
245 10 - MENCIÓN DE TÍTULO
Título Miradas desencadenantes :
Resto del título construcción de conocimientos para la igualdad; la movilidad humana: una mirada de género a los desafíos y desigualdades en los nuevos contextos migratorios ; trata de personas, nacionalidad y refugio en República Dominicana.
264 #4 - PRODUCCIÓN, PUBLICACIÓN, DISTRIBUCIÓN, FABRICACIÓN Y COPYRIGHT
Producción, publicación, distribución, fabricación y copyright Santo Domingo :
Nombre del de productor, editor, distribuidor, fabricante INTEC,
Fecha de producción, publicación, distribución, fabricación o copyright ©2022.
300 ## - DESCRIPCIÓN FÍSICA
Extensión 263 paginas ;
Dimensiones 25 cm.
336 ## - TIPO DE CONTENIDO
Término de tipo de contenido texto
Código de tipo de contenido txt
Fuente rdacontent
337 ## - TIPO DE MEDIO
Nombre/término del tipo de medio sin mediación
Código del tipo de medio n
Fuente rdamedia
338 ## - TIPO DE SOPORTE
Nombre/término del tipo de soporte volumen
Código del tipo de soporte nc
Fuente rdacarrier
490 0# - MENCIÓN DE SERIE
Mención de serie Colección Miradas desencadenantes
Designación de volumen o secuencia 6
500 ## - NOTA GENERAL
Nota general Fue asignado cutter del titulo de la conferencia para reunir la colección en la estantería.
505 ## - NOTA DE CONTENIDO CON FORMATO
Nota de contenido con formato Introducción. XL Conferencia Dominicana de Estudios de Género ''Construcción de Conocimientos para la igualdad'' 3 -- La problematización de las 'parturientas haitianas' y otras estrategias de control fronterizo 11 -- Persecución penal de mujeres por aborto y otros eventos obstétricos en la República Dominicana. Lila: criminalización por razones de género, raza y origen nacional 51 -- Retorno, Obra teatral de Kenia Liranzo, compuesta por los monólogos ''El retorno de Norma'' y ''La hora de la verdad''. Basada en historias reales de crímenes de la trata de personas 65 -- Políticas públicas de retorno y reinserción a la República Dominicana a favor de mujeres víctimas de trata de personas. 2014-2017 95 --Cuenta, Yova, cuenta: una mirada subjetiva de la trata de mujeres dominicanas 139 -- Género, migraciones internacionales y barreras sociolingüísticas 153 -- La trayectoria de Maha Mamo y su lucha por el derecho de pertenecer 175 -- Intervención psicoterapéutica grupal con mujeres migrantes: un estudio de caso 193 -- Movilidades femeninas: la presencia desafiante de las mujeres migrantes en la universidad brasileña 223 -- Entre la emergencia humanitaria y la emergenc
590 ## - NOTA LOCAL (RLIN)
Nota local Inventariado, 2023 / DG
650 #4 - PUNTO DE ACCESO ADICIONAL DE MATERIA--TÉRMINO DE MATERIA
Término de materia o nombre geográfico como elemento de entrada Feminismo
Subdivisión general Investigaciones
-- Congresos, conferencias, etc.
9 (RLIN) 8556
650 #4 - PUNTO DE ACCESO ADICIONAL DE MATERIA--TÉRMINO DE MATERIA
Término de materia o nombre geográfico como elemento de entrada Mujeres en República Dominicana
Subdivisión general Congresos, conferencias, etc.
9 (RLIN) 8557
650 #4 - PUNTO DE ACCESO ADICIONAL DE MATERIA--TÉRMINO DE MATERIA
Término de materia o nombre geográfico como elemento de entrada Derechos de la mujer
Subdivisión geográfica República Dominicana
Subdivisión general Congresos, conferencias, etc.
9 (RLIN) 8558
710 2# - PUNTO DE ACCESO ADICIONAL--NOMBRE DE ENTIDAD CORPORATIVA
Nombre de entidad corporativa o nombre de jurisdicción como elemento de entrada Instituto Tecnológico de Santo Domingo
9 (RLIN) 78911
910 ## - DATOS DE OPCIÓN DEL USUARIO (OCLC)
Datos de opción del usuario DG. Validado, 2023/MFF
942 ## - ELEMENTOS DE PUNTO DE ACCESO ADICIONAL (KOHA)
Fuente del sistema de clasificación o colocación Dewey Decimal Classification
Tipo de ítem Koha Libro
Existencias
Estado de retiro Estado de pérdida Fuente del sistema de clasificación o colocación Restricciones de uso No para préstamo Código de colección Localización permanente Ubicación/localización actual Ubicación en estantería Fecha de adquisición Signatura topográfica completa Código de barras Fecha visto por última vez Precio válido a partir de Tipo de ítem Koha Número de copia Fuente de adquisición Total de préstamos
    Dewey Decimal Classification Excluido de préstamo   Patrimonio Dominicano Biblioteca Nacional Pedro Henríquez Ureña Biblioteca Nacional Pedro Henríquez Ureña Depósito 11.05.2023 BNPHU PD 305.42 M671d 2021 2023-1736 11.05.2023 11.05.2023 Libro      
    Dewey Decimal Classification Excluido de préstamo   Patrimonio Dominicano Biblioteca Nacional Pedro Henríquez Ureña Biblioteca Nacional Pedro Henríquez Ureña Depósito 11.05.2023 BNPHU PD 305.42 M671d 2021 2023-1737 11.05.2023 11.05.2023 Libro e.2    
    Dewey Decimal Classification Préstamo en sala   Dominicana de Servicio Biblioteca Nacional Pedro Henríquez Ureña Biblioteca Nacional Pedro Henríquez Ureña Depósito 11.05.2023 BNPHU DS 305.42 M671d 2021 2023-1738 11.05.2023 11.05.2023 Libro e.3    
    Dewey Decimal Classification Préstamo en sala   Dominicana de Servicio Biblioteca Nacional Pedro Henríquez Ureña Biblioteca Nacional Pedro Henríquez Ureña Depósito 19.09.2025 BNPHU DS 305.42 M671d 2021 2025-10546 19.09.2025 19.09.2025 Libro e.4 Donado por INTEC  
    Dewey Decimal Classification Préstamo en sala   Dominicana de Servicio Biblioteca Nacional Pedro Henríquez Ureña Biblioteca Nacional Pedro Henríquez Ureña Depósito 19.09.2025 BNPHU DS 305.42 M671d 2021 2025-10547 19.09.2025 19.09.2025 Libro e.5 Donado por INTEC  

Con tecnología Koha